000 00664nam a22002057a 4500
003 OSt
005 20260610122835.0
008 260610b |||||||| |||| 00| 0 eng d
020 _a978-1-61250-138-3
040 _cChuka University
050 _aLB 2830.2
_b.L4 2012
100 _aLevenson Nathan
_928201
245 _aSmarter budgets , smarter schools
_bHow to survive and thrive in hard time
260 _aCambridge
_bHarvard education oress
_c2012
300 _a231p.
650 _aSchool budgets.... United States
_928202
650 _aSchool management & organization...... United States
_928203
650 _aSchool budgets
_928204
942 _2lcc
_cSL
_n0
999 _c23787
_d23787